200 Personnages dans Harry Potter - Statistiques

Statistiques générales
  • Ce quiz a été pris 244 fois
  • Le résultat moyen est 115 sur 200
Statistiques - réponses
# Réponse % Correct
5 Harry Potter
99%
7 Ron Weasley
96%
6 Hermione Granger
95%
46 Albus Dumbledore
89%
8 Ginny Weasley
89%
12 James Potter
89%
18 Fred Weasley
88%
19 George Weasley
88%
11 Lily Potter
88%
13 Sirius Black
88%
14 Remus Lupin
87%
17 Arthur Weasley
86%
41 Drago Malefoy
86%
10 Luna Lovegood
86%
74 Minerva McGonagall
86%
16 Molly Weasley
86%
20 Percy Weasley
86%
92 Severus Rogue
86%
9 Neville Londubat
85%
15 Peter Petigrow
84%
21 Bill Weasley
83%
40 Lucius Malefoy
83%
35 Nymphadora Tonks
83%
3 Rowena Serdaigle
83%
91 Rubeus Hagrid
83%
2 Helga Poufsouffle
82%
4 Salazar Serpentard
82%
39 Bellatrix Lestrange
81%
99 Cédric Diggory
81%
123 Cho Chang
81%
97 Fleur Delacour
81%
1 Godric Gryffondor
81%
125 Katie Bell
81%
51 Lord Voldemort
81%
96 Viktor Krum
81%
22 Charlie Weasley
80%
84 Dolores Ombrage
80%
38 Narcissa Malefoy
80%
66 Alastor Maugrey
78%
171 Dobby
78%
30 Dudley Dursley
78%
43 Gregory Goyle
78%
174 Hedwige
78%
28 Pétunia Dursley
78%
29 Vernon Durlsey
78%
44 Vincent Crabbe
78%
135 Dean Thomas
76%
75 Filius Flitwick
76%
136 Seamus Finnigan
76%
126 Angelina Johnson
75%
194 Nick-Quasi-Sans-Tête
75%
76 Pomona Chourave
74%
128 Olivier Dubois
73%
139 Padma Patil
73%
138 Parvati Patil
73%
175 Pattenrond
73%
86 Sibylle Trelawney
73%
82 Quirinius Quirell
72%
95 Olympe Maxime
71%
45 Pansy Parkinson
71%
85 Renée Bibine
71%
71 Argus Rusard
70%
48 Ariana Dumbledore
70%
186 Buck
70%
94 Igor Karkaroff
70%
47 Abelforth Dumbledore
69%
68 Cornelius Fudge
69%
137 Lavande Brown
69%
83 Gilderoy Lockhart
68%
52 Tom Jedusor Se
68%
105 Kingsley Shaklebolt
67%
163 Tom
67%
27 Xenophilius Lovegood
67%
77 Horace Slughorn
66%
73 Poppy Pomfresh
66%
100 Amos Diggory
65%
65 Bartemius Croupton Jr
65%
63 Bartemius Croupton Se
65%
140 Colin Crivey
65%
189 Firenze
65%
173 Kreattur
65%
193 Mimi Geignarde
65%
108 Reg Cattermole
65%
98 Gabrielle Delacour
64%
31 Marge Dursley
64%
36 Ted Tonks
64%
149 Blaise Zabini
63%
69 Rufus Scrimgeour
63%
25 Alice Londubat
62%
166 Bathilda Tourdesac
62%
56 Frank Bryce
62%
24 Frank Londubat
62%
59 Garrick Ollivander
62%
119 Fenrir Greyback
61%
155 Mondingus Fletcher
61%
187 Nagini
61%
32 Regulus Black
61%
154 Rita Skeeter
61%
172 Winky
61%
106 Helen Dawlish
60%
129 Lee Jordan
60%
196 La Dame Grise
59%
183 Norbert
59%
198 Peeves
59%
120 Alecto Carrow
58%
127 Alicia Spinnet
58%
182 Crockdur
58%
188 Graup
58%
153 Hannah Abbot
58%
54 Elvis Gaunt
57%
152 Ernie MacMillan
57%
121 Amycus Carrow
56%
184 Touffu
56%
156 Arabella Figg
55%
78 Aurora Sinistra
55%
142 Cormac McLaggen
55%
37 Andromeda Tonks
54%
151 Justin Finch-Fletchey
54%
113 Antonin Dolohov
53%
185 Aragog
53%
81 Cuthbert Binns
53%
141 Dennis Crivey
53%
191 Gripsec
53%
179 Miss Teigne
53%
145 Susan Bones
53%
57 Gellert Grindelwald
52%
26 Augusta Londubat
51%
177 Croûtard
51%
176 Coquecigrue
50%
157 Elphias Doge
50%
53 Merope Gaunt
50%
50 Perceval Dumbledore
50%
33 Phineas Black
50%
116 Stan Rocade
50%
90 Wilhelmina Gobe-Planche
50%
178 Errol
49%
134 Marcus Flint
49%
72 Irma Pince
47%
49 Kendra Dumbledore
47%
180 Trevor
47%
148 Marcus Belby
46%
190 Bane
45%
181 Fumseck
45%
169 Ignotus Peverell
45%
197 Le Baron Sanglant
45%
64 Ludovic Verpey
45%
109 Mafalda Hopkirk
45%
55 Morfin Gaunt
45%
42 Rodolphus Lestrange
45%
143 Romilda Vane
45%
70 Amélia Bones
43%
150 Zacharias Smith
43%
195 Le Moine Gras
42%
162 Rosmerta
42%
118 Yaxley
42%
87 Charity Burbage
41%
199 La Grosse Dame
41%
60 Barjow
40%
110 Pius Thicknesse
39%
23 Tante Muriel
39%
161 Nicolas Flamel
37%
144 Pénélope Deauclaire
37%
88 Septima Vector
37%
114 Augustus Rookwood
36%
107 Albert Runcorn
35%
122 Marietta Edgecombe
35%
133 Michael Corner
35%
102 Dedalus Diggle
34%
61 Beurk
32%
58 Gregorovitch
32%
115 Theodore Nott
31%
67 Bertha Jorkins
30%
131 Roger Davies
30%
93 Eileen Prince
29%
62 | 164 Florian Fortarôme
29%
132 Terry Boot
29%
79 Armando Dippet
28%
146 Milicent Bullstrode
27%
34 Piers Polkiss
27%
167 Antioche Peverell
25%
104 Hestia Jones
25%
192 Bogrod
24%
170 Hepzibah Smith
24%
89 Silvanus Brûlopot
22%
130 Demelza Robins
21%
103 Sturgis Podmore
21%
112 Walden McNair
21%
80 Galatea Têtenjoy
20%
111 Avery
19%
147 Eloïse Midgen
19%
124 Leanne
16%
159 Gwenog Jones
15%
200 Le Chevalier Du Catogan
15%
101 Dirk Cresswell
14%
165 Madame Guipure
14%
158 Doris Crockford
12%
160 Barnabas Cuffe
4%
168 Cadmus Peverell
4%
117 Ernie Danlmur
1%
Aucun quiz correspondant
Distribution des résultats
% des personnes avec chaque résultat
Percentile par nombre de réponses
Votre historique - résultats
Vous n’avez pas pris ce quiz